000 00435nam a2200181Ia 4500
001 17391
005 20260306171514.0
008 260306s9999||||xx |||||||||||||| ||und||
041 _aESP
082 _a657.835
_bV19 V. 1
100 _aValdivia Delgado, César
_eAUT
245 0 _aContabilidad gubernamental
260 _c2016
300 _a470 páginas :
_c25 cm.
650 _aGEN
654 _aCCO
942 _cLIB
_dJUS
_fJUS
_2ddc
_n
999 _c17391
_d17391